000170747 001__ 170747
000170747 005__ 20260429150230.0
000170747 037__ $$aTAZ-TFG-2025-4253
000170747 041__ $$aspa
000170747 1001_ $$aTurón Bes, Alejandro
000170747 24200 $$aThe empty space in architecture: from abstract concept to spatial tool
000170747 24500 $$aEl espacio vacío en arquitectura: Del concepto abstracto a la herramienta proyectual
000170747 260__ $$aZaragoza$$bUniversidad de Zaragoza$$c2025
000170747 506__ $$aby-nc-sa$$bCreative Commons$$c3.0$$uhttp://creativecommons.org/licenses/by-nc-sa/3.0/
000170747 520__ $$aA lo largo de este Trabajo Fin de Grado, se ha decidido estudiar el concepto de vacío en la arquitectura, entendiéndolo como un recurso clave en la configuración de espacios. Por medio de un enfoque transversal, el trabajo explora diferentes concepciones del vacío a lo largo de la historia, en diferentes disciplinas como la pintura, la escultura o la filosofía. Se realiza un recorrido por la historia de la arquitectura tratando de entender como el  vacío ha sido utilizado como un recurso espacial y de composición en distintas épocas y estilos arquitectónicos. El propósito final del trabajo es analizar la obra de tres estudios contemporáneos: Peter Zumthor, Emilio Tuñón y Sancho-Madridejos, cuyas propuestas destacan por su planteamiento y uso del vacío. Este enfoque permite comprender la importancia de este recurso a lo largo de la historia, y reflexionar sobre la vigencia del mismo en la arquitectura contemporánea.<br />
000170747 521__ $$aGraduado en Estudios en Arquitectura
000170747 540__ $$aDerechos regulados por licencia Creative Commons
000170747 691__ $$a0
000170747 692__ $$a
000170747 700__ $$aQuintilla Castán, Marta$$edir.
000170747 7102_ $$aUniversidad de Zaragoza$$bUnidad Predepartamental de Arquitectura$$cExpresión Gráfica Arquitectónica
000170747 8560_ $$f818307@unizar.es
000170747 8564_ $$s33759076$$uhttps://zaguan.unizar.es/record/170747/files/TAZ-TFG-2025-4253.pdf$$yMemoria (spa)
000170747 909CO $$ooai:zaguan.unizar.es:170747$$pdriver$$ptrabajos-fin-grado
000170747 950__ $$a
000170747 951__ $$adeposita:2026-04-29
000170747 980__ $$aTAZ$$bTFG$$cEINA
000170747 999__ $$a20250908142121.CREATION_DATE